| 000 | 00843cas a2200241 a 4500 | ||
|---|---|---|---|
| 022 | _a1729-2638 | ||
| 040 | _cHBS | ||
| 082 | _a060 TWB 2006 C314 Or. | ||
| 245 | 1 | 0 | _aDoing business in 2006. |
| 246 | 1 | _aDoing business | |
| 260 |
_aWashington, D.C. : _bWorld Bank : _bInternational Finance Corp. ; _a[Oxford, England] : _bOxford University Press, _c©2004- |
||
| 300 |
_a188P. _bill. _c29cm. |
||
| 500 | _aEach issue also has a distinctive title. | ||
| 650 | 0 | _aCommercial law | |
| 650 | 0 | _aTrade regulation | |
| 650 | 0 | _aEconomic development projects | |
| 650 | 0 | _aIndustrial laws and legislation | |
| 710 | 2 | _aWorld Bank | |
| 710 | 2 | _aInternational Finance Corporation | |
| 710 | 2 | _aOxford University Press | |
| 856 | 4 | 0 | _uhttp://MY2VS8LV9P.search.serialssolutions.com/?V=1.0&L=MY2VS8LV9P&S=JCs&C=TC0000532362&T=marc |
| 942 | _cREC | ||
| 999 |
_c22173 _d22173 |
||